Loading...
| Literature - World | 0 | 10 | 0 | 1 | 100 | 61 | 85.20 | 1 | 7 | 0.00 | 0.00 |
| Literature - European | 0 | 8 | 0 | 1 | 80 | 31 | 62.38 | 4 | 6 | 0.00 | 0.00 |
| Religion | 0 | 7 | 0 | 0 | 70 | 46 | 68.14 | 1 | 4 | 0.00 | 0.00 |
| Philosophy | 0 | 7 | 0 | 0 | 70 | 32 | 51.86 | 2 | 7 | 0.00 | 0.00 |
| Mythology | 0 | 7 | 1 | 0 | 65 | 28 | 54.71 | 4 | 5 | 0.00 | 0.00 |
| Literature - British | 0 | 6 | 0 | 1 | 60 | 37 | 81.67 | 1 | 2 | 0.00 | 0.00 |
| History - Other | 0 | 5 | 0 | 0 | 50 | 24 | 44.20 | 2 | 5 | 0.00 | 0.00 |
| History - World | 0 | 5 | 0 | 0 | 50 | 25 | 54.00 | 0 | 3 | 0.00 | 0.00 |
| Social Science | 0 | 4 | 0 | 1 | 40 | 38 | 66.00 | 2 | 2 | 0.00 | 0.00 |
| Literature - American | 0 | 4 | 0 | 0 | 40 | 35 | 61.00 | 2 | 4 | 0.00 | 0.00 |
| Science - Other | 0 | 3 | 0 | 0 | 30 | 62 | 71.00 | 1 | 2 | 0.00 | 0.00 |
| History - European | 0 | 4 | 2 | 0 | 30 | 29 | 40.75 | 0 | 3 | 0.00 | 0.00 |
| Fine Arts - Classical Music | 0 | 2 | 0 | 2 | 20 | 116 | 122.00 | 0 | 1 | 0.00 | 0.00 |
| Fine Arts - Painting and Sculpture | 0 | 2 | 0 | 1 | 20 | 98 | 99.50 | 0 | 0 | 0.00 | 0.00 |
| Science - Physics | 0 | 2 | 0 | 1 | 20 | 67 | 88.00 | 0 | 0 | 0.00 | 0.00 |
| Science - Biology | 0 | 2 | 2 | 0 | 10 | 59 | 61.00 | 0 | 1 | 0.00 | 0.00 |
| Geography | 0 | 1 | 0 | 1 | 10 | 101 | 101.00 | 0 | 0 | 0.00 | 0.00 |
| History - American | 0 | 1 | 1 | 0 | 5 | 59 | 59.00 | 0 | 0 | 0.00 | 0.00 |
| Fine Arts - Other | 0 | 0 | 1 | 0 | -5 | 0.00 | 0 | 0 | 0.00 | 0.00 |